<?xml version="1.0" encoding="UTF-8"?>
<record
    xmlns:xsi="http://www.w3.org/2001/XMLSchema-instance"
    xsi:schemaLocation="http://www.loc.gov/MARC21/slim http://www.loc.gov/standards/marcxml/schema/MARC21slim.xsd"
    xmlns="http://www.loc.gov/MARC21/slim">

  <leader>00524nam a2200157Ia 4500</leader>
  <controlfield tag="008">230718s9999    xx            000 0 und d</controlfield>
  <datafield tag="041" ind1=" " ind2=" ">
    <subfield code="a">eng</subfield>
  </datafield>
  <datafield tag="082" ind1=" " ind2=" ">
    <subfield code="a">650.54</subfield>
    <subfield code="b">BAN</subfield>
  </datafield>
  <datafield tag="100" ind1=" " ind2=" ">
    <subfield code="a">Bansal R.</subfield>
    <subfield code="9">106283</subfield>
  </datafield>
  <datafield tag="245" ind1=" " ind2=" ">
    <subfield code="a">Stay Hungry Stay Foolish</subfield>
    <subfield code="b">The Inspiring Stories Of IIM Ahmedabad Graduates Who Chose To Tread A Path Of Their Own Making</subfield>
  </datafield>
  <datafield tag="260" ind1=" " ind2=" ">
    <subfield code="c">2008</subfield>
    <subfield code="b">IIM Ahmedabad / Westland Itd</subfield>
  </datafield>
  <datafield tag="300" ind1=" " ind2=" ">
    <subfield code="a">325</subfield>
  </datafield>
  <datafield tag="365" ind1=" " ind2=" ">
    <subfield code="c">Rs.</subfield>
    <subfield code="b">125.00</subfield>
  </datafield>
  <datafield tag="700" ind1=" " ind2=" ">
    <subfield code="a">Bansal R.</subfield>
    <subfield code="9">106283</subfield>
  </datafield>
  <datafield tag="906" ind1=" " ind2=" ">
    <subfield code="d">O:0081722-Apr-2010B:375526-Mar-2010</subfield>
    <subfield code="c">MGMT</subfield>
    <subfield code="b">25</subfield>
  </datafield>
  <datafield tag="999" ind1=" " ind2=" ">
    <subfield code="c">324753</subfield>
    <subfield code="d">324753</subfield>
  </datafield>
  <datafield tag="952" ind1=" " ind2=" ">
    <subfield code="0">0</subfield>
    <subfield code="1">0</subfield>
    <subfield code="4">0</subfield>
    <subfield code="7">0</subfield>
    <subfield code="a">CCEP</subfield>
    <subfield code="b">CCEP</subfield>
    <subfield code="d">2010-04-22</subfield>
    <subfield code="e">Tbs</subfield>
    <subfield code="f">MGMT</subfield>
    <subfield code="g">100.00</subfield>
    <subfield code="i">3755</subfield>
    <subfield code="l">1</subfield>
    <subfield code="o">650.54</subfield>
    <subfield code="p">CCEP-BK-35960</subfield>
    <subfield code="r">2023-11-09 00:00:00</subfield>
    <subfield code="s">2023-11-03</subfield>
    <subfield code="t">25</subfield>
    <subfield code="v">125.00</subfield>
    <subfield code="w">2010-03-26</subfield>
    <subfield code="y">BK</subfield>
    <subfield code="z">035960</subfield>
  </datafield>
</record>
